So Near and Yet So Far: Art History of Latvia I
| Titel: | So Near and Yet So Far: Art History of Latvia I / Anneli Randla |
|---|---|
| Verfasser: | |
| In: |
Baltic journal of art history, Band 27 (2024), Seite 143-152 alle Artikel anzeigen |
| Veröffentlicht: | 2024 |
| Umfang: | 1 Illustration |
| Format: | Aufsatz |
| Sprache: | Englisch |
X
alg: 52909291 001A $03025:14-04-25 001B $01999:14-04-25 $t22:43:44.000 001D $03025:14-04-25 001U $0utf8 001X $00 002@ $0Aou 002C $aText $btxt $2rdacontent 002D $aohne Hilfsmittel zu benutzen $bn $2rdamedia 002E $aBand $bnc $2rdacarrier 003@ $0529092913 007A $0529092913 $aHEB 010@ $aeng 010E $erda 011@ $a2024 013D $#Newspapers Sections, columns, etc. Reviews $#Book reviewing $#Journaux Cahiers, chroniques, etc. Comptes rendus $#Livres Recension $#Rezension $#Rezension $#Buchbesprechung $#Buchrezension $#Buchkritik $74049712-4 $8Rezension [Ts1] $9085138568 021A $aSo Near and Yet So Far: Art History of Latvia I $hAnneli Randla 028A $BVerfasser $4aut $71171168683 $8Randla, Anneli$Z1970- [Tp3] $943867748X 031A $d27 $h143-152 $j2024 034M $a1 Illustration 039B $aEnthalten in $8--Abvc--. Baltic journal of art history. - Tartu : Univ. of Tartu Press, 2009-. - ISSN 1736-8812 $x202400000270000857 $9224987135 039T $aRezension von $8--Afu--Grosmane, Elita$Z1949- [Tp3]. Latvijas mākslas vēsture ; 1. Aizvēsture un viduslaiki 9. g.t.pr.Kr. - 1562. - Rīga : Latvijas Mākslas akadēmijas Mākslas vēstures institūts : Mākslas vēstures pētījumu atbalsta fonds, 2024. - 526 Seiten. - Illustrationen, Karten. - ISBN 9789934882456 $9529090910 045F $a709.47960902 $eDDC23BSB 045F/01 $a709 045F/03 $f0902 045F/03 $f09031 045F/03 $g4796 045T $a9,10 lok: 52909291 78 exp: 52909291 78 1 #EPN 201B/01 $014-04-25 $t14:02:17.000 201C/01 $014-04-25 201U/01 $0utf8 203@/01 $01300248130 208@/01 $a14-04-25 $be 209A/01 $a/ $f000 $x00 209A/01 $ab*p $x01 220C/01 $akoe 247C/01 $82080>Marburg/Lahn, Herder-Institut, Forschungsbibliothek, Bibliographieportal $9336309341
| LEADER | 00000caa a2200000 c 4500 | ||
|---|---|---|---|
| 001 | 529092913 | ||
| 003 | DE-603 | ||
| 005 | 20250414224344.0 | ||
| 007 | tu | ||
| 008 | 250414s2024 xx |||| | u00||u|eng c | ||
| 035 | |a (DE-599)HEB529092913 | ||
| 040 | |a DE-603 |b ger |c DE-603 |d DE-603 |e rda | ||
| 041 | |a eng | ||
| 082 | 0 | 4 | |8 1\u |a 709.47960902 |q DE-101 |2 23/BSB |
| 084 | |a 9,10 |2 ssgn | ||
| 085 | |8 1\u |b 709 | ||
| 085 | |8 1\u |z 1 |s 0902 | ||
| 085 | |8 1\u |z 1 |s 09031 | ||
| 085 | |8 1\u |z 2 |s 4796 | ||
| 100 | 1 | |a Randla, Anneli |d 1970- |e Verfasser |4 aut |0 (DE-603)43867748X |0 (DE-588)1171168683 |2 gnd | |
| 245 | 0 | 0 | |a So Near and Yet So Far: Art History of Latvia I |c Anneli Randla |
| 264 | 0 | |c 2024 | |
| 300 | |b 1 Illustration | ||
| 336 | |a Text |b txt |2 rdacontent | ||
| 337 | |a ohne Hilfsmittel zu benutzen |b n |2 rdamedia | ||
| 338 | |a Band |b nc |2 rdacarrier | ||
| 655 | 7 | |a Rezension |2 gnd-content |0 (DE-588)4049712-4 |0 (DE-603)085138568 | |
| 773 | 0 | 8 | |i Enthalten in |t Baltic journal of art history |d Tartu : Univ. of Tartu Press, 2009- |h 24 cm |x 1736-8812 |g Band 27 (2024), Seite 143-152 |w (DE-603)224987135 |w (DE-600)2563410-0 |
| 787 | 0 | 8 | |i Rezension von |a Grosmane, Elita, 1949- |t Latvijas mākslas vēsture ; 1. Aizvēsture un viduslaiki 9. g.t.pr.Kr. - 1562 |d Rīga : Latvijas Mākslas akadēmijas Mākslas vēstures institūts : Mākslas vēstures pētījumu atbalsta fonds, 2024 |h 526 Seiten, Illustrationen, Karten |z 9789934882456 |w (DE-603)529090910 |
| 924 | 0 | |9 2080 |a (DE-603)1300248130 |b DE-2080 |c HES |d d |g / | |


